| 000 | 00569nam a2200193Ia 4500 | ||
|---|---|---|---|
| 008 | 240729s9999 xx 000 0 und d | ||
| 022 | _a2305-2562 | ||
| 245 | 0 | _aAfrican Invertebrates | |
| 260 | _aSouth Africa | ||
| 260 | _bPensoft Publishers | ||
| 650 | _a Biology (General) | ||
| 650 | _a Ecology | Science | ||
| 650 | _a General. Including nature conservation, geographical distribution | ||
| 650 | _a Natural history (General) | ||
| 650 | _aScience | ||
| 856 | _uhttps://doaj.org/toc/a814af53e6f443f9b65ceb1e78530926 | ||
| 942 | _2ddc | ||
| 942 | _cDOAJEJ | ||
| 999 |
_c70279 _d70279 |
||
| 945 |
_a1 _bMadushi Gamage _c1 _dMadushi Gamage |
||